000 00234nam a2200085Ia 4500
008 120527s9999 xx 000 0 und d
100 _aLYDYARD,et al
245 _aPathology integrated an A-Z of diseases and its pathogenesis
942 _cBK
999 _c25742
_d25742